[Event "4NCL Online Division 4"]
[Site "online"]
[Date "2020.11.03"]
[Round "6.151"]
[White "Weatherlake, John P"]
[Black "O'Byrne, Daniel"]
[Result "0-1"]
[WhiteElo "1975"]
[BlackElo "1742"]
[PlyCount "106"]
[EventDate "2020.11.03"]
[WhiteTeam "Wessex Some Stars C"]
[BlackTeam "War & Piece 1"]

1. Nc3 d5 2. d4 Nf6 3. Bf4 Bf5 4. f3 e6 5. g4 Bg6 6. h4 h6 7. e3 Nc6 8. Bd3
Bxd3 9. Qxd3 Bd6 10. Bxd6 Qxd6 11. O-O-O O-O-O 12. Nge2 Na5 13. Nb1 Nc4 14. Nd2
Qc6 15. Qc3 Qa4 16. Kb1 Nd6 17. Nf4 Nd7 18. g5 g6 19. Nd3 Nf5 20. Nf2 Qc6 21.
e4 Qxc3 22. bxc3 Ng3 23. Rhe1 Nb6 24. Ng4 hxg5 25. hxg5 Na4 26. Re3 Ne2 27.
Rxe2 Nxc3+ 28. Kb2 Nxe2 29. Nh6 Rh7 30. Nb3 Nf4 31. Ng4 Nh3 32. exd5 exd5 33.
Nc5 Nxg5 34. f4 Ne4 35. Nd3 Rd6 36. Re1 Rb6+ 37. Kc1 Kd8 38. f5 g5 39. c4 dxc4
40. Nde5 Nc3 41. Kc2 Nxa2 42. Nxc4 Nb4+ 43. Kd2 Ra6 44. Rb1 Ra2+ 45. Ke3 Nd5+
46. Kd3 Rh3+ 47. Nge3 Nxe3 48. Nxe3 Ra3+ 49. Ke4 Rhxe3+ 50. Kd5 Kd7 51. f6 b6
52. Rc1 Rac3 53. Re1 c6# 0-1

[Event "4NCL Online Division 4"]
[Site "online"]
[Date "2020.11.03"]
[Round "6.152"]
[White "Kelly, Richard"]
[Black "Adaway, William"]
[Result "0-1"]
[WhiteElo "1817"]
[BlackElo "1952"]
[PlyCount "104"]
[EventDate "2020.11.03"]
[WhiteTeam "War & Piece 1"]
[BlackTeam "Wessex Some Stars C"]

1. d4 Nf6 2. c4 e6 3. Nc3 Bb4 4. Bg5 b6 5. e3 Bb7 6. Nf3 h6 7. Bh4 g5 8. Bg3
Ne4 9. Qc2 Bxc3+ 10. bxc3 Nxg3 11. hxg3 d6 12. e4 Nd7 13. Bd3 e5 14. Qd2 Qf6
15. Bc2 O-O-O 16. O-O-O Kb8 17. Rhe1 Qe7 18. Ba4 Nf6 19. d5 Nd7 20. Bxd7 Qxd7
21. Qc2 Rdf8 22. Rh1 f5 23. Rh2 g4 24. Nd2 f4 25. gxf4 Rxf4 26. g3 Rf6 27. Nf1
Qf7 28. Ne3 Bc8 29. Qe2 h5 30. Kd2 Rf8 31. Ke1 Qg6 32. Qc2 Qf7 33. a4 a5 34.
Rd2 Bd7 35. Re2 Qe8 36. c5 dxc5 37. Nc4 Bxa4 38. Qb1 Bb5 39. Nxa5 Bxe2 40. Nc6+
Rxc6 41. dxc6 Ba6 42. Qa2 Qxc6 43. Qxa6 Qxe4+ 44. Kf1 Qb1+ 45. Kg2 Qe4+ 46. Kf1
Qf5 47. Qc4 e4 48. Qe2 Kb7 49. Qe3 Ra8 50. Ke2 Ra2+ 51. Kd1 Qd5+ 52. Kc1 Ra1+
0-1

[Event "4NCL Online Division 4"]
[Site "online"]
[Date "2020.11.03"]
[Round "6.153"]
[White "Chilton, James I"]
[Black "Chwieseni, Edward I"]
[Result "1-0"]
[WhiteElo "1892"]
[BlackElo "1696"]
[PlyCount "83"]
[EventDate "2020.11.03"]
[WhiteTeam "Wessex Some Stars C"]
[BlackTeam "War & Piece 1"]

1. e4 d5 2. exd5 Nf6 3. Nf3 Bg4 4. Bb5+ c6 5. dxc6 Nxc6 6. Nc3 e6 7. d4 Bb4 8.
O-O O-O 9. Bxc6 bxc6 10. Be3 Bxc3 11. bxc3 Nd5 12. c4 Nc3 13. Qd3 Bxf3 14. Qxc3
Be4 15. f3 Bg6 16. Rad1 Qf6 17. c5 Qf5 18. Rf2 a5 19. Rb1 a4 20. a3 Rfb8 21.
Rb4 h5 22. Qc4 Rxb4 23. Qxb4 Qd5 24. c4 Qd7 25. Rd2 Qc7 26. Rb2 f6 27. Qb6 Qc8
28. Bf4 Bd3 29. Rb4 g5 30. Bd6 Ra6 31. Qc7 Qxc7 32. Bxc7 Ra7 33. Bd6 Ra6 34. g3
g4 35. Kf2 gxf3 36. Kxf3 f5 37. Kf4 Ra7 38. Kg5 Be2 39. Kf6 e5 40. dxe5 Rf7+
41. Kg6 f4 42. Rb8+ 1-0

[Event "4NCL Online Division 4"]
[Site "online"]
[Date "2020.11.03"]
[Round "6.154"]
[White "Morrison, Munroe L"]
[Black "Clancy, Martin J"]
[Result "0-1"]
[WhiteElo "1675"]
[BlackElo "1870"]
[PlyCount "58"]
[EventDate "2020.11.03"]
[WhiteTeam "War & Piece 1"]
[BlackTeam "Wessex Some Stars C"]

1. e4 g6 2. d4 Bg7 3. Be3 d6 4. g3 Nf6 5. h3 Nxe4 6. Bg2 d5 7. Nf3 Nc6 8. c3
O-O 9. O-O b6 10. Qc1 Ba6 11. Re1 e5 12. Bh6 exd4 13. Bxg7 Kxg7 14. Nxd4 Nxd4
15. cxd4 Bb7 16. Nc3 Re8 17. Qf4 Qf6 18. Qxf6+ Nxf6 19. Rxe8 Rxe8 20. Nb5 c6
21. Nd6 Re7 22. Rc1 Ba8 23. g4 h6 24. f4 Re6 25. Nc8 Bb7 26. Nxa7 Ne4 27. b4
Ng3 28. Kh2 Ne2 29. Rf1 Nxd4 0-1

[Event "4NCL Online Division 4"]
[Site "online"]
[Date "2020.11.03"]
[Round "6.161"]
[White "Banerjee, Sanjoy K"]
[Black "George, Ian M"]
[Result "1/2-1/2"]
[WhiteElo "1720"]
[BlackElo "1945"]
[PlyCount "30"]
[EventDate "2020.11.03"]
[WhiteTeam "Atticus B"]
[BlackTeam "Camborne Trevithick"]

1. e4 c5 2. Nf3 e6 3. d4 cxd4 4. Nxd4 Nf6 5. Nc3 Nc6 6. Be3 Bb4 7. a3 Bxc3+ 8.
bxc3 Nxe4 9. Qg4 Nf6 10. Qxg7 Rg8 11. Qh6 Rg6 12. Qh4 Rg4 13. Qh6 Rg6 14. Qh4
Rg4 15. Qh6 Rg6 1/2-1/2

[Event "4NCL Online Division 4"]
[Site "online"]
[Date "2020.11.03"]
[Round "6.162"]
[White "Williams, Philip J"]
[Black "Wadsworth, Mark S"]
[Result "1-0"]
[WhiteElo "1855"]
[BlackElo "1690"]
[PlyCount "43"]
[EventDate "2020.11.03"]
[WhiteTeam "Camborne Trevithick"]
[BlackTeam "Atticus B"]

1. c4 e5 2. Nc3 Nf6 3. Nf3 Nc6 4. e4 Bc5 5. Nxe5 Bxf2+ 6. Kxf2 Nxe5 7. d4 Neg4+
8. Kg1 d6 9. h3 Nh6 10. Bg5 Be6 11. Qf3 c5 12. dxc5 Qa5 13. Bxh6 gxh6 14. Qxf6
Qxc5+ 15. Kh2 Rg8 16. Nd5 Bxd5 17. exd5 Qe3 18. Qh4 Qe5+ 19. Kg1 Qe3+ 20. Qf2
Qg5 21. Re1+ Kd7 22. Qxf7+ 1-0

[Event "4NCL Online Division 4"]
[Site "online"]
[Date "2020.11.03"]
[Round "6.163"]
[White "Blasczyk, Martin"]
[Black "Healey, Grant"]
[Result "0-1"]
[WhiteElo "1645"]
[BlackElo "1922"]
[PlyCount "38"]
[EventDate "2020.11.03"]
[WhiteTeam "Atticus B"]
[BlackTeam "Camborne Trevithick"]

1. e4 d5 2. d4 dxe4 3. Bc4 Nf6 4. f3 exf3 5. Nxf3 Bg4 6. Ne5 Be6 7. Nxf7 Bxf7
8. Bxf7+ Kxf7 9. O-O Nc6 10. c3 e5 11. Qb3+ Kg6 12. Rf3 h6 13. Qe6 Qd6 14. Rg3+
Kh7 15. Qf7 Ne4 16. dxe5 Qd1+ 17. Qf1 Qxf1+ 18. Kxf1 Nxg3+ 19. hxg3 Nxe5 0-1

[Event "4NCL Online Division 4"]
[Site "online"]
[Date "2020.11.03"]
[Round "6.164"]
[White "Morgan, Jamie"]
[Black "Wiseman, Jim K"]
[Result "1-0"]
[WhiteElo "1840"]
[BlackElo "1607"]
[PlyCount "91"]
[EventDate "2020.11.03"]
[WhiteTeam "Camborne Trevithick"]
[BlackTeam "Atticus B"]

1. e4 c5 2. Nc3 a6 3. g3 g6 4. Bg2 e5 5. d3 Bg7 6. Nge2 d6 7. f4 Nc6 8. f5 gxf5
9. exf5 Bxf5 10. Nd5 Nf6 11. Bd2 Nxd5 12. Bxd5 Qd7 13. O-O Bg6 14. Nc3 Ne7 15.
Bg2 Rb8 16. a4 b5 17. axb5 axb5 18. Qf3 O-O 19. Ra6 f6 20. Rfa1 Bf7 21. Ne4 Bd5
22. Rxd6 Qxd6 23. Nxd6 Bxf3 24. Bxf3 Rfd8 25. Ne4 c4 26. Ba5 cxd3 27. Bxd8 Rxd8
28. cxd3 Rxd3 29. Ra8+ Kf7 30. Bh5+ Ng6 31. Ra7+ Kg8 32. Rb7 Rb3 33. Be2 Re3
34. Nc3 Bf8 35. Rxb5 Kg7 36. Kf2 Rxe2+ 37. Kxe2 f5 38. Rb7+ Kf6 39. Rxh7 Bc5
40. Nd5+ Ke6 41. Nc7+ Kd6 42. Na6 Kd5 43. Nxc5 Kxc5 44. Rg7 Nh8 45. h4 Kd4 46.
h5 1-0

[Event "4NCL Online Division 4"]
[Site "online"]
[Date "2020.11.17"]
[Round "7.11"]
[White "Robbings, Andrew MJ"]
[Black "Yogit, Senthilnathan"]
[Result "1/2-1/2"]
[WhiteElo "1975"]
[BlackElo "2117"]
[PlyCount "148"]
[EventDate "2020.11.17"]
[WhiteTeam "Wantage"]
[BlackTeam "Uxbridge Knights A"]

1. e4 c5 2. Nf3 Nc6 3. Bb5 g6 4. Bxc6 dxc6 5. h3 Bg7 6. O-O e5 7. d3 Qe7 8. Re1
Nf6 9. Bg5 h6 10. Be3 O-O 11. Nbd2 b6 12. Nc4 Ne8 13. c3 Nc7 14. Qc2 Ba6 15.
Rad1 Rad8 16. b3 Nb5 17. a4 Nd6 18. Nxd6 Rxd6 19. d4 cxd4 20. cxd4 exd4 21.
Bxd4 Rfd8 22. Bxg7 Kxg7 23. e5 Rxd1 24. Rxd1 Qc5 25. Qb1 Rd5 26. Rc1 Qb4 27.
Qb2 Kg8 28. e6 fxe6 29. Qf6 Qe4 30. Re1 Be2 31. Qe7 Rf5 32. Nd2 Qe5 33. Qe8+
Kg7 34. Qxc6 Rf7 35. Qc2 Bd3 36. Qc1 Qd5 37. Qc3+ Kh7 38. Re3 Rd7 39. Nf3 Bf5
40. Ne5 Qd1+ 41. Kh2 Qd6 42. g3 Rc7 43. Nc4 Qd5 44. g4 Bb1 45. Qe1 Bd3 46. Rxe6
Bxc4 47. bxc4 Qxc4 48. Re7+ Kg8 49. Re8+ Kf7 50. Rd8 Re7 51. Qd1 Qf4+ 52. Kg2
Qe4+ 53. Kh2 Qe5+ 54. Kg2 Kg7 55. Qd4 Qxd4 56. Rxd4 Kf6 57. f4 Rc7 58. Rd6+ Kf7
59. Rd4 Ke6 60. h4 a6 61. Rb4 Rb7 62. Kf3 b5 63. axb5 axb5 64. Ke4 Kd6 65. f5
gxf5+ 66. Kxf5 Kc5 67. Rb1 b4 68. g5 hxg5 69. hxg5 b3 70. g6 Kc4 71. Kf6 Kc3
72. g7 Rxg7 73. Kxg7 Kc2 74. Rxb3 Kxb3 1/2-1/2

[Event "4NCL Online Division 4"]
[Site "online"]
[Date "2020.11.17"]
[Round "7.12"]
[White "Symonds, Richard H"]
[Black "Carter, John P"]
[Result "0-1"]
[WhiteElo "1981"]
[BlackElo "1795"]
[PlyCount "144"]
[EventDate "2020.11.17"]
[WhiteTeam "Uxbridge Knights A"]
[BlackTeam "Wantage"]

1. c4 Nf6 2. Nc3 g6 3. g3 Bg7 4. Bg2 O-O 5. d3 c6 6. e4 e5 7. Nge2 d6 8. O-O a6
9. a4 Be6 10. Qb3 Nbd7 11. h3 Nc5 12. Qc2 b5 13. b4 Nxa4 14. Nxa4 bxa4 15. Rxa4
a5 16. Bd2 axb4 17. Bxb4 Rxa4 18. Qxa4 Qd7 19. Kh2 c5 20. Qxd7 Bxd7 21. Bc3 Ba4
22. Rc1 Bh6 23. f4 Nh5 24. Ra1 Bc2 25. fxe5 Bxd3 26. Nc1 Bxc1 27. Rxc1 dxe5 28.
Bxe5 Bxe4 29. g4 Bxg2 30. Kxg2 Ng7 31. Bd6 Rc8 32. Rb1 Ne6 33. Kf3 Ng5+ 34. Kg2
Ne6 35. Rb5 h5 36. gxh5 gxh5 37. Ra5 Kh7 38. Kg3 Kg6 39. Ra6 Kf5 40. Ra7 Ng5
41. Be7 Ne4+ 42. Kh4 Kg6 43. Ra6+ f6 44. Re6 Kf5 45. Ra6 Re8 46. Bxc5 Nxc5 47.
Ra5 Re4+ 48. Kxh5 Rxc4 49. h4 Ke6 50. Kg6 f5 51. h5 Rg4+ 52. Kh7 Ne4 53. Ra6+
Nd6 54. h6 f4 55. Kh8 f3 56. h7 Rf4 57. Kg7 f2 58. Ra1 Rg4+ 59. Kf8 Rh4 60. Kg8
Nf7 61. Ra6+ Kf5 62. Ra1 Kg4 63. Rf1 Kf3 64. Ra1 Nh6+ 65. Kg7 Nf5+ 66. Kg8 Rg4+
67. Kf8 Nh4 68. Kf7 Ng6 69. Ra3+ Kg2 70. Ra2 Kg1 71. Ra6 f1=Q+ 72. Rf6 Ne5+ 0-1

[Event "4NCL Online Division 4"]
[Site "online"]
[Date "2020.11.17"]
[Round "7.13"]
[White "Litwiniec, Miroslawa"]
[Black "Kamath, Raghu"]
[Result "0-1"]
[WhiteElo "1817"]
[BlackElo "1885"]
[PlyCount "118"]
[EventDate "2020.11.17"]
[WhiteTeam "Wantage"]
[BlackTeam "Uxbridge Knights A"]

1. e4 e5 2. Nf3 Nc6 3. Bc4 Nf6 4. d3 Bc5 5. Be3 Bb6 6. O-O d6 7. c3 O-O 8. h3
Be6 9. Bb5 Ne7 10. Nbd2 Ng6 11. d4 Qe7 12. Ng5 Bd7 13. Bd3 h6 14. Ngf3 Nh5 15.
Nxe5 Nxe5 16. dxe5 Bxe3 17. fxe3 Qxe5 18. Rf3 Qg5 19. Qb3 b6 20. Raf1 Be6 21.
Bc4 Qg6 22. Kh2 Rae8 23. Qb5 Bxc4 24. Qxc4 Re7 25. R1f2 a5 26. Qd5 Nf6 27. Qc6
Nxe4 28. Nxe4 Qxe4 29. Qb5 Qe5+ 30. Qxe5 Rxe5 31. Kg1 g6 32. Kf1 f5 33. g4 Kg7
34. gxf5 Rexf5 35. Rxf5 Rxf5 36. Rxf5 gxf5 37. Kf2 Kf6 38. Kg3 Ke5 39. Kf3 b5
40. b3 c5 41. h4 h5 42. a4 bxa4 43. bxa4 d5 44. Kf2 Ke4 45. Ke2 c4 46. Kf2 Kd3
47. Kf3 Kxc3 48. Kf4 Kd2 49. Kxf5 Kxe3 50. Kg5 c3 51. Kxh5 c2 52. Kg6 c1=Q 53.
h5 d4 54. h6 Qg1+ 55. Kf7 d3 56. h7 Qh2 57. Kg8 d2 58. h8=Q Qxh8+ 59. Kxh8 d1=Q
0-1

[Event "4NCL Online Division 4"]
[Site "online"]
[Date "2020.11.17"]
[Round "7.14"]
[White "Colter, Nigel"]
[Black "Hemmings, Peter J"]
[Result "1/2-1/2"]
[WhiteElo "1780"]
[BlackElo "1607"]
[PlyCount "116"]
[EventDate "2020.11.17"]
[WhiteTeam "Uxbridge Knights A"]
[BlackTeam "Wantage"]

1. d4 d5 2. Nf3 e6 3. c4 Nf6 4. cxd5 exd5 5. Nc3 Be7 6. Bg5 c6 7. e3 h6 8. Qc2
hxg5 9. Nxg5 Ne4 10. Ngxe4 dxe4 11. Qxe4 Nd7 12. a3 Nf6 13. Qc2 Be6 14. h3 Rc8
15. Rd1 Qb6 16. Rd2 Qb3 17. Qxb3 Bxb3 18. Be2 b5 19. O-O a5 20. Rc1 O-O 21. Bd1
Bxd1 22. Rcxd1 b4 23. axb4 Bxb4 24. Rc2 Rfd8 25. Rdc1 Bxc3 26. Rxc3 Rd6 27. Rc5
Rb8 28. Rxa5 Rd5 29. Ra6 Rxb2 30. Raxc6 Ne4 31. Rc8+ Kh7 32. f3 Nd6 33. R8c5
Rb5 34. Rxd5 Rxd5 35. Rc5 Rxc5 36. dxc5 Nc8 37. e4 Kg6 38. Kf2 Kf6 39. Ke3 Ke6
40. h4 Ne7 41. g4 Ng6 42. h5 Ne5 43. g5 Kd7 44. h6 gxh6 45. gxh6 Kc6 46. h7 Ng6
47. Kd4 f6 48. f4 Nh8 49. e5 fxe5+ 50. fxe5 Ng6 51. e6 Nh8 52. Ke5 Kxc5 53. Kf6
Kd6 54. Kf5 Ke7 55. Ke5 Ng6+ 56. Kf5 Nh8 57. Ke5 Ng6+ 58. Kf5 Nh8 1/2-1/2

[Event "4NCL Online Division 4"]
[Site "online"]
[Date "2020.11.17"]
[Round "7.21"]
[White "Turner, Howard"]
[Black "Moran, Darragh"]
[Result "1/2-1/2"]
[WhiteElo "1930"]
[BlackElo "1873"]
[PlyCount "46"]
[EventDate "2020.11.17"]
[WhiteTeam "Catford Cosmonauts 3"]
[BlackTeam "Gondaga"]

1. g3 d5 2. Nf3 Nf6 3. Bg2 e6 4. O-O Be7 5. c4 O-O 6. b3 b6 7. Bb2 Bb7 8. d3 c5
9. e3 Nbd7 10. Nbd2 Qc7 11. Rc1 Rac8 12. Qe2 Qb8 13. Rfd1 Rfd8 14. a3 Qa8 15.
Ne5 Nxe5 16. Bxe5 dxc4 17. Bxb7 Qxb7 18. dxc4 Nd7 19. Ba1 Bf6 20. Qf3 Qxf3 21.
Nxf3 Bxa1 22. Rxa1 Nf6 23. Ne5 Kf8 1/2-1/2

[Event "4NCL Online Division 4"]
[Site "online"]
[Date "2020.11.17"]
[Round "7.22"]
[White "Nolan, Dermot"]
[Black "Stewart, Martin"]
[Result "1-0"]
[WhiteElo "1840"]
[BlackElo "1840"]
[PlyCount "71"]
[EventDate "2020.11.17"]
[WhiteTeam "Gondaga"]
[BlackTeam "Catford Cosmonauts 3"]

1. e4 e5 2. Nf3 Nf6 3. Nxe5 d6 4. Nf3 Nxe4 5. Nc3 Nxc3 6. dxc3 Nd7 7. Be3 Be7
8. Qd2 O-O 9. O-O-O Nf6 10. Bd3 c5 11. h4 Be6 12. Kb1 Qa5 13. a3 Rac8 14. Ng5
d5 15. f4 c4 16. Be2 Qb5 17. Ka2 Bf5 18. h5 h6 19. Nf3 Be4 20. Nd4 Qd7 21. Rh4
Ne8 22. Rh2 Nf6 23. Rh4 Ne8 24. Rhh1 Nf6 25. f5 a5 26. Rhg1 Bxf5 27. Rdf1 Bg4
28. Bxh6 Bxe2 29. Nxe2 gxh6 30. Qxh6 Ng4 31. Qf4 Bd6 32. Qg5+ Kh7 33. Nd4 Nh6
34. Rf6 Ng8 35. h6 Nxf6 36. Qg7# 1-0

[Event "4NCL Online Division 4"]
[Site "online"]
[Date "2020.11.17"]
[Round "7.23"]
[White "Sedykh, Stakhey"]
[Black "Tempany, Max"]
[Result "1-0"]
[WhiteElo "1780"]
[BlackElo "1617"]
[PlyCount "67"]
[EventDate "2020.11.17"]
[WhiteTeam "Catford Cosmonauts 3"]
[BlackTeam "Gondaga"]

1. e4 c5 2. Nc3 d6 3. g3 Nf6 4. Bg2 Nc6 5. d3 g6 6. f4 e5 7. Nf3 Bg7 8. O-O Bg4
9. h3 Bd7 10. g4 O-O 11. f5 Nd4 12. g5 Ne8 13. f6 Bh8 14. Nxd4 cxd4 15. Nd5 h5
16. gxh6 Kh7 17. Bg5 Be6 18. Qf3 Rc8 19. Rac1 Bxd5 20. exd5 Qa5 21. a3 Qa4 22.
Qe2 Qb5 23. b3 Nc7 24. Qf3 Qa5 25. a4 Na6 26. h4 Nb4 27. Rf2 Rc5 28. Bd2 Qb6
29. Bg5 Rfc8 30. h5 Rg8 31. Bh3 Nxd5 32. hxg6+ fxg6 33. Be6 Nxf6 34. Bxg8+ 1-0

[Event "4NCL Online Division 4"]
[Site "online"]
[Date "2020.11.17"]
[Round "7.24"]
[White "Keenan, Andy"]
[Black "Marchettini, Cristiano"]
[Result "0-1"]
[WhiteElo "1546"]
[BlackElo "1405"]
[PlyCount "104"]
[EventDate "2020.11.17"]
[WhiteTeam "Gondaga"]
[BlackTeam "Catford Cosmonauts 3"]

1. d4 d5 2. e3 Nf6 3. Bd3 e6 4. Nd2 Be7 5. f4 O-O 6. Ngf3 c5 7. c3 c4 8. Bc2 b5
9. O-O Nbd7 10. Ne5 Bb7 11. Rf3 Ne4 12. Rh3 Nxe5 13. fxe5 f5 14. exf6 Rxf6 15.
Nxe4 dxe4 16. Qh5 h6 17. Qxb5 Bd5 18. b3 Qf8 19. Bb2 Rf2 20. Rc1 cxb3 21. axb3
Rb8 22. Qa6 Rxb3 23. Bxb3 Bxb3 24. Rf1 Rxf1+ 25. Qxf1 Qxf1+ 26. Kxf1 a5 27. Rh5
Bd5 28. Ke1 a4 29. Kd2 a3 30. Ba1 Bg5 31. Rh3 Kf7 32. Rf3+ exf3 33. gxf3 Bxf3
34. c4 Be4 35. c5 Kf6 36. d5+ Ke7 37. d6+ Kd8 38. Bxg7 a2 39. Bd4 Bc6 40. Kd3
Kd7 41. e4 Bb5+ 42. Kc2 Be3 43. Bb2 Bxc5 44. Kb3 Kxd6 45. Kxa2 Bd3 46. e5+ Kd5
47. Kb3 Bd4 48. Bc1 Kxe5 49. Bxh6 Kf5 50. Bf8 Kg4 51. Bd6 e5 52. Be7 Kh3 0-1

[Event "4NCL Online Division 4"]
[Site "online"]
[Date "2020.11.17"]
[Round "7.31"]
[White "Kruitbosch, Gijs"]
[Black "Whatmore, Steve"]
[Result "1/2-1/2"]
[WhiteElo "1840"]
[BlackElo "1825"]
[PlyCount "83"]
[EventDate "2020.11.17"]
[WhiteTeam "Wigston 2"]
[BlackTeam "Rugeley Rangers"]

1. e4 c6 2. d4 d5 3. e5 c5 4. c3 Nc6 5. Nf3 Bg4 6. Bb5 e6 7. h3 Bxf3 8. Qxf3
cxd4 9. Bxc6+ bxc6 10. cxd4 Qb6 11. Qd3 c5 12. dxc5 Bxc5 13. O-O Ne7 14. Nc3
O-O 15. Na4 Qa5 16. Nxc5 Qxc5 17. Be3 Qc7 18. f4 Nf5 19. Rac1 Qb7 20. Bc5 Rfc8
21. b4 a6 22. g4 Ne7 23. a3 Ng6 24. Kh2 Qb5 25. Qxb5 axb5 26. Rf3 Rc6 27. Kg3
Rca6 28. Ra1 f6 29. exf6 gxf6 30. h4 Nf8 31. Bd4 Kf7 32. Bb2 Rc6 33. Rc1 Rxc1
34. Bxc1 Rc8 35. Bb2 Nd7 36. Rc3 Rc4 37. Rxc4 dxc4 38. Kf3 Ke7 39. Ke4 Kd6 40.
f5 Ke7 41. fxe6 Kxe6 42. Bd4 1/2-1/2

[Event "4NCL Online Division 4"]
[Site "online"]
[Date "2020.11.17"]
[Round "7.32"]
[White "Carr, Matthew"]
[Black "Pike, Andrew"]
[Result "1-0"]
[WhiteElo "1705"]
[BlackElo "1645"]
[PlyCount "155"]
[EventDate "2020.11.17"]
[WhiteTeam "Rugeley Rangers"]
[BlackTeam "Wigston 2"]

1. e4 c5 2. Nc3 e5 3. Bc4 Nf6 4. d3 h6 5. f4 Nc6 6. Nf3 d6 7. O-O Be7 8. Bb5
Bg4 9. h3 Bxf3 10. Qxf3 O-O 11. Bxc6 bxc6 12. fxe5 dxe5 13. Qg3 Kh8 14. Qxe5
Bd6 15. Qf5 Be7 16. Be3 Qc8 17. Bxc5 Qxf5 18. Rxf5 Bxc5+ 19. Rxc5 Rab8 20. Rxc6
Rxb2 21. Na4 Rb4 22. Nc5 Rb2 23. Na6 Nh5 24. a4 Nf4 25. Rf1 Ne2+ 26. Kh2 Nd4
27. Rc4 Nxc2 28. Rf2 Rb6 29. Rfxc2 Rxa6 30. d4 Kh7 31. g4 Re8 32. d5 f6 33. Rb2
Re7 34. Rbb4 Rd6 35. Rc6 Rdd7 36. d6 Re6 37. Rd4 Kg6 38. Kg3 h5 39. Kf4 hxg4
40. hxg4 Kh6 41. Rd5 Kg6 42. g5 Rd8 43. a5 Rd7 44. a6 Rd8 45. gxf6 gxf6 46. Ke3
Rd7 47. Kd4 Rd8 48. Kc5 Rxe4 49. d7 Re5 50. Rxe5 Rxd7 51. Ree6 Rf7 52. Kd6 Kg5
53. Re7 Rf8 54. Rxa7 f5 55. Rg7+ Kf6 56. Rg1 f4 57. a7 f3 58. Rf1 Kg5 59. Ke7
Ra8 60. Ra6 Kg4 61. Kd7 Kg3 62. Ra3 Kg2 63. Rfxf3 Rxa7+ 64. Rxa7 Kxf3 65. Ra4
Ke3 66. Ke6 Kd3 67. Kd5 Ke3 68. Rd4 Kf3 69. Re4 Kg3 70. Kd4 Kf3 71. Kd3 Kg3 72.
Ke3 Kg2 73. Rf4 Kg3 74. Ke4 Kg2 75. Rf3 Kh2 76. Kf4 Kg2 77. Ke3 Kh2 78. Kf2 1-0

[Event "4NCL Online Division 4"]
[Site "online"]
[Date "2020.11.17"]
[Round "7.33"]
[White "Mottram, Paul"]
[Black "Sullivan, Luke"]
[Result "0-1"]
[WhiteElo "1592"]
[BlackElo "1525"]
[PlyCount "132"]
[EventDate "2020.11.17"]
[WhiteTeam "Wigston 2"]
[BlackTeam "Rugeley Rangers"]

1. d4 Nf6 2. c4 g6 3. Nc3 d6 4. e4 Nbd7 5. h3 e5 6. d5 h6 7. Be3 Be7 8. Nf3 a5
9. a4 c6 10. Bd3 Qc7 11. Qd2 g5 12. O-O-O Nb8 13. Rdg1 Na6 14. g4 Nb4 15. Be2
h5 16. Nxg5 hxg4 17. hxg4 Rxh1 18. Rxh1 cxd5 19. cxd5 Na2+ 20. Kb1 Nxc3+ 21.
Qxc3 Qxc3 22. bxc3 Kf8 23. f3 Bd7 24. Rh8+ Ng8 25. Rh7 Bxg5 26. Bxg5 Bxa4 27.
Ka2 Re8 28. Bh6+ Nxh6 29. Rxh6 Ke7 30. Ka3 Bd7 31. Rh1 Rc8 32. Kb2 b5 33. Kb3
Rc5 34. Rh8 Be8 35. Bd3 a4+ 36. Kb4 a3 37. Rh1 Rc7 38. Ra1 Ra7 39. Rxa3 Ra4+
40. Rxa4 bxa4 41. Ka3 Kf6 42. Bc2 Kg5 43. Bxa4 Bxa4 44. Kxa4 Kf4 45. Kb4 Kxf3
46. c4 Kxe4 47. Kb5 Kd4 48. Kc6 Kxc4 49. Kxd6 e4 50. Kc6 e3 51. d6 e2 52. d7
e1=Q 53. d8=Q Qe6+ 54. Qd6 Qe4+ 55. Kc7 Qxg4 56. Qc6+ Kb4 57. Qd6+ Kb3 58. Qd3+
Kb4 59. Qd6+ Kc4 60. Qc6+ Kb3 61. Qb5+ Kc2 62. Qc5+ Kb3 63. Qd5+ Qc4+ 64. Qxc4+
Kxc4 65. Kd6 Kd4 66. Ke7 f5 0-1

[Event "4NCL Online Division 4"]
[Site "online"]
[Date "2020.11.17"]
[Round "7.34"]
[White "Wood, Ryan"]
[Black "Collins, RF (Bob)"]
[Result "1-0"]
[WhiteElo "1390"]
[BlackElo "1480"]
[PlyCount "143"]
[EventDate "2020.11.17"]
[WhiteTeam "Rugeley Rangers"]
[BlackTeam "Wigston 2"]

1. d4 Nf6 2. Bf4 g6 3. e3 Bg7 4. Nf3 d6 5. c4 O-O 6. Nc3 Nbd7 7. Be2 c5 8. Rc1
b6 9. d5 Nh5 10. Bg3 Ndf6 11. Qc2 Bf5 12. e4 Bg4 13. Ng1 Bxe2 14. Ngxe2 Qc8 15.
h3 Nxg3 16. Nxg3 Nd7 17. O-O Ne5 18. b3 Nd7 19. Nce2 a6 20. Rb1 b5 21. Nc1 Bh6
22. Nd3 b4 23. Rfe1 Bg7 24. f4 f6 25. f5 g5 26. Ne2 Qe8 27. g4 a5 28. Ng3 h6
29. Qh2 Kf7 30. Kg2 Rh8 31. Rh1 Rh7 32. h4 Nf8 33. Qg1 Kg8 34. Rh3 Qf7 35. Qh2
Bh8 36. Nb2 Rb8 37. Rh1 Ra8 38. Na4 Rb8 39. Ra1 Nd7 40. Nh1 Ne5 41. Nf2 Nd7 42.
a3 Ra8 43. Nb2 bxa3 44. Rxa3 Bg7 45. Nbd1 Qe8 46. Nc3 Qb8 47. Nb5 Ne5 48. Qg3
Qb7 49. Nd3 Nxd3 50. Qxd3 Kf7 51. Qd1 Rhh8 52. Qa1 Qb6 53. Kg3 Rhb8 54. Rh2 Ra6
55. Rha2 Rba8 56. Nc3 Qb4 57. Qb2 Qb6 58. Qa1 Qb4 59. Nb5 a4 60. bxa4 Qxc4 61.
Nc7 Rb8 62. Nxa6 Rb3+ 63. Rxb3 Qxb3+ 64. Kh2 gxh4 65. Ra3 Qc2+ 66. Kh3 Qc4 67.
Nxc5 Qxc5 68. Qc3 h5 69. Qxc5 dxc5 70. a5 hxg4+ 71. Kxg4 Bh6 72. a6 1-0

[Event "4NCL Online Division 4"]
[Site "online"]
[Date "2020.11.17"]
[Round "7.41"]
[White "Shepherd, Tom"]
[Black "Adam, David W"]
[Result "1-0"]
[WhiteElo "2027"]
[BlackElo "1758"]
[PlyCount "63"]
[EventDate "2020.11.17"]
[WhiteTeam "MCS Oxford A"]
[BlackTeam "Bradford DCA Knights B"]

1. d4 Nf6 2. Nf3 g6 3. g3 Bg7 4. Bg2 d5 5. O-O O-O 6. Nbd2 Nbd7 7. c4 c5 8. e3
a6 9. b3 cxd4 10. exd4 dxc4 11. bxc4 Re8 12. Bb2 e6 13. Re1 Nb6 14. Qb3 Bd7 15.
Ne5 Ba4 16. Qa3 Bf8 17. Qe3 Rb8 18. Bc3 Nbd7 19. Rab1 b5 20. Nc6 Qc7 21. Nxb8
Rxb8 22. c5 b4 23. Rxb4 Rxb4 24. Bxb4 Bc6 25. Ba5 Qc8 26. Ne4 Nd5 27. Qb3 Bg7
28. Bc3 Qa8 29. Ba1 h5 30. Nc3 N7f6 31. Nxd5 Nxd5 32. Rb1 1-0

[Event "4NCL Online Division 4"]
[Site "online"]
[Date "2020.11.17"]
[Round "7.42"]
[White "Dean, Robert A"]
[Black "Selvaraj, Hari"]
[Result "1-0"]
[WhiteElo "1744"]
[BlackElo "1930"]
[PlyCount "153"]
[EventDate "2020.11.17"]
[WhiteTeam "Bradford DCA Knights B"]
[BlackTeam "MCS Oxford A"]

1. Nf3 d5 2. d4 c5 3. c3 Nf6 4. Bg5 e6 5. Nbd2 Nbd7 6. e3 Be7 7. Bd3 h6 8. Bh4
O-O 9. O-O b6 10. Ne5 Nxe5 11. dxe5 Nd7 12. Bg3 Bb7 13. Nf3 Qc7 14. Rc1 Rac8
15. Bb1 Rfd8 16. Qc2 Nf8 17. Rfd1 Ng6 18. h4 Qd7 19. h5 Nf8 20. Nh4 Qc6 21. f4
c4 22. Nf3 b5 23. Nd4 Qb6 24. f5 Bg5 25. Bf2 exf5 26. Nxf5 Qe6 27. Nd6 Rxd6 28.
exd6 Bxe3 29. Bxe3 Qxe3+ 30. Qf2 Qe5 31. Qxa7 Bc6 32. Qa6 Bd7 33. Re1 Qxh5 34.
Re7 Qg5 35. Rf1 Re8 36. Rxe8 Bxe8 37. Qc8 Bd7 38. Qc5 Ne6 39. Qf2 f6 40. Qf5
Qe3+ 41. Kh1 Nc5 42. Qh7+ Kf8 43. Qh8+ Kf7 44. Qd8 Qg3 45. Qe7+ Kg8 46. Qd8+
Kf7 47. Qe7+ Kg8 48. Qd8+ Kf7 49. Bh7 Qxd6 50. Qg8+ Ke7 51. Re1+ Ne6 52. Qxg7+
Kd8 53. Qxf6+ Kc7 54. Bf5 Kb7 55. Bxe6 Qg3 56. Bxd5+ Ka7 57. Qd4+ Ka6 58. Qf6+
Ka5 59. Qd8+ Ka4 60. b3+ Ka3 61. Qe7+ Kxa2 62. Re2+ Kxb3 63. Qxd7 Qh4+ 64. Qh3
Qg5 65. Be4 Qc1+ 66. Kh2 Qf4+ 67. Qg3 Qf6 68. Re1 h5 69. Rb1+ Ka4 70. Qf3 Qd6+
71. Kh1 Qd2 72. Rd1 Qb2 73. Bc6 h4 74. Qd5 Ka5 75. Qxb5+ Qxb5 76. Bxb5 Kxb5 77.
Rf1 1-0

[Event "4NCL Online Division 4"]
[Site "online"]
[Date "2020.11.17"]
[Round "7.43"]
[White "Zhu, Hou Ning"]
[Black "Ibbitson, Anthony"]
[Result "0-1"]
[WhiteElo "1802"]
[BlackElo "1735"]
[PlyCount "80"]
[EventDate "2020.11.17"]
[WhiteTeam "MCS Oxford A"]
[BlackTeam "Bradford DCA Knights B"]

1. c4 c6 2. g3 d5 3. Bg2 Nf6 4. Nf3 Bf5 5. O-O e6 6. b3 h6 7. Bb2 Bd6 8. d3 O-O
9. Nbd2 Nbd7 10. Re1 Bh7 11. Rc1 Qe7 12. e4 dxe4 13. dxe4 e5 14. Qc2 a5 15.
Rcd1 Nc5 16. a3 Ne6 17. Qc1 Nd7 18. Nh4 Bc5 19. Ndf3 Rfd8 20. Nxe5 Nxe5 21.
Bxe5 Bxa3 22. Qa1 Bb4 23. Rf1 Rxd1 24. Rxd1 Rd8 25. f4 Nc5 26. Rxd8+ Qxd8 27.
Qb1 Qd2 28. Kh1 Nd3 29. Bd4 Qe2 30. Nf5 Nf2+ 31. Bxf2 Qxf2 32. Bh3 Bxf5 33.
exf5 Bc5 34. Bg2 b5 35. Bxc6 bxc4 36. bxc4 a4 37. f6 a3 38. fxg7 Qg1+ 39. Qxg1
Bxg1 40. Kxg1 a2 0-1